000 00612nam a22002177a 4500
003 UA-OsUOA
001 43425
007 ta
008 20061222b un ||||| |||| 00| 0 ukr d
090 _a821.11
_bС56
942 _cBK
040 _aUA-OsUOA
_brus
_cUA-OsUOA
_dUA-OsUOA
245 _aСовременные американские пьесы
_bучебное пособие
300 _a150 с.
955 _a3
041 _arus
080 _a821.11
260 _aСПб
_bПросвещение
_c1981
650 7 _a82 Література. Літературознавство
_2UDC
999 _c329550
_d329550